000
00265nmm a2200097Ia 4500
008
220120s9999||||xx |||||||||||||||||und||
020
_a
81-265-0189-8
100
_a
Digit
245
0
_a
Aluma os, Gate-2019, preparation, human anatomy video lectur
260
_b
New Delhi
999
_c
140085
_d
140085